Der wortbruch (Record no. 9561)

MARC details
000 -CABECERA
campo de control de longitud fija 00635nam a2200229 a 4500
001 - NÚMERO DE CONTROL
campo de control BRL_749
005 - FECHA Y HORA DE LA ÚLTIMA TRANSACCIÓN
campo de control 20190320210859.0
008 - DATOS DE LONGITUD FIJA--INFORMACIÓN GENERAL
campo de control de longitud fija 011013s1959----gw-a######---#000-0#ger-#
041 ## - CÓDIGO DE LENGUA
Código de lengua del texto/banda sonora o título independiente ger
044 ## - CÓDIGO DEL PAÍS DE LA ENTIDAD EDITORA/PRODUCTORA
Código MARC del país gw
050 #4 - SIGNATURA TOPOGRÁFICA DE LA BIBLIOTECA DEL CONGRESO
Número de clasificación ML420.S66
Número de documento/Ítem .S54 1959
100 1# - ENTRADA PRINCIPAL--NOMBRE DE PERSONA
Nombre de persona Slezak, Leo
Fechas asociadas al nombre 1873-1946
9 (RLIN) 24825
245 10 - MENCIÓN DE TÍTULO
Título Der wortbruch
Mención de responsabilidad, etc. Leo Slezak ; Mit 10 zeichnungen von Walter Trier.
260 ## - PUBLICACIÓN, DISTRIBUCIÓN, ETC.
Lugar de publicación, distribución, etc. Hamburg
Nombre del editor, distribuidor, etc. Rowohlt
Fecha de publicación, distribución, etc. 1959
300 ## - DESCRIPCIÓN FÍSICA
Extensión 152 p.
Otras características físicas il.
Dimensiones 19 cm.
440 #0 - MENCIÓN DE SERIE/PUNTO DE ACCESO ADICIONAL--TÍTULO
Título Rororo Taschenbuch Ausgabe
Designación de volumen o secuencia 330
9 (RLIN) 24826
500 ## - NOTA GENERAL
Nota general Au822
650 14 - PUNTO DE ACCESO ADICIONAL DE MATERIA--TÉRMINO DE MATERIA
Término de materia o nombre geográfico como elemento de entrada Músicos
Subdivisión de forma Cartas
9 (RLIN) 24827
700 1# - PUNTO DE ACCESO ADICIONAL--NOMBRE DE PERSONA
Nombre de persona Trier, Walter
Término indicativo de función/relación il.
9 (RLIN) 24828
902 ## - CATALOGADOR
Iniciales GRL
942 ## - ELEMENTOS DE PUNTO DE ACCESO ADICIONAL (KOHA)
Fuente del sistema de clasificación o colocación Library of Congress Classification
Tipo de ítem Koha Libros
Holdings
Estado de retiro Estado de pérdida Estado dañado No para préstamo Localización permanente Ubicación/localización actual Fecha de adquisición Número de inventario Total de préstamos Signatura topográfica completa Código de barras Fecha visto por última vez Precio válido a partir de Tipo de ítem Koha
El ejemplar forma parte de la colección y puede ser consultado según las políticas vigentes.       Biblioteca Centro de Estudios Ruth D. Lechuga Biblioteca Centro de Estudios Ruth D. Lechuga 01/10/2013 Au822   ML420.S66 .S54 1959 (Au822) GRL00818 22/03/2019 22/03/2019 Libros